Memórias para a história da Capitania de São Vicente / (Record no. 1295)

MARC details
000 -LÍDER
Campo Fixo de Controle 00792nam a2200241 a 4500
001 - NÚMERO DE CONTROLE
Campo de Controle 1295
003 - IDENTIFICAÇÃO DO NÚMERO DE CONTROLE
Campo de Controle BR-CuiBMT
005 - DATA E HORA DA ÚLTIMA ATUALIZAÇÃO
Campo de Controle 20231207232959.0
008 - DADOS FIXOS
Dados Fixos 231204s2010 dfba 001 0 por d
020 ## - INTERNATIONAL STANDARD BOOK NUMBER
Nº do ISBN 9788570182777
040 ## - AGÊNCIA CATALOGADORA
Código da Agência Catalogadora BR-CuiBMT
Agência que transcreveu o registro BR-CuiBMT
080 ## - Nº DA CLASSIFICAÇÃO DECIMAL UNIVERSAL
Nº edição CDU 2007
Nº Class. CDU 94
Subd. Auxiliar Comum (81)
090 ## - NÚMERO DE CHAMADA
Nº classificação 94(81)
Cutter G249m
100 1# - ENTRADA PRINCIPAL -- AUTOR PESSOAL
Nome pessoal Gaspar da Madre de Deus,
Datas associadas ao nome 1715-1800
245 10 - TÍTULO PRINCIPAL
Título principal Memórias para a história da Capitania de São Vicente /
Indicação de responsabilidade Frei Gaspar da Madre de Deus.
260 ## - PUBLICAÇÃO, DISTRIBUIÇÃO, ETC.
Local de publicação Brasília :
Editora Senado Federal,
Data 2010.
300 ## - DESCRIÇÃO FÍSICA
N. páginas ou volumes 220 p. :
Ilustrações il. ;
Dimensões 23 cm
490 1# - INDICAÇÃO DE SÉRIE
Título da série Edições do Senado Federal ;
Volume/designação sequencial da série v.129
504 ## - NOTA DE BIBLIOGRAFIA, ETC.
Nota de bibliografia Inclui bibliográficas e índice
650 ## - ASSUNTO TÓPICO
Cabeçalho tópico ou nome geográfico Capitanias hereditárias
Subdivisão geral História
Subdivisão geográfica São Paulo
830 #0 - ENTRADA SECUNDÁRIA DE SÉRIE -- TÍTULO UNIFORME
Título uniforme Edições do Senado Federal ;
Nº do volume/designação sequencial da série 129
942 ## - ELEMENTOS DE ENTRADA ADICIONAIS (KOHA)
Fonte de classificação ou esquema de arquivamento Classificação Decimal Universal
Tipo de item do Koha Livros
Holdings
Estado: removido Estado: perdido Fonte de classificação ou esquema de arquivamento Estado: danificado Indisponível para empréstimo Localização permanente Localização atual Data de aquisição Total Checkouts Número de Chamada completo Código de barras Date last seen Número do exemplar Preço efetivo a partir de Tipo de item (Koha)
    Classificação Decimal Universal     Biblioteca da Escola Superior de Contas do TCE/MT Biblioteca da Escola Superior de Contas do TCE/MT 04/12/2023   94(81) G249m BIBTCEMT23120119 04/12/2023 Ex. 1 04/12/2023 Livros

Powered by Koha